Mylonas, Harris. The politics of nation-building. - Cambridge [u.a.]
| Titel: | Mylonas, Harris. The politics of nation-building. - Cambridge [u.a.] : Cambridge Univ. Press. - 2012 [Rezension] |
|---|---|
| Verfasser: | |
| In: |
Nations and nationalism, Band 20, Heft 3 (2014), Seite 594-595 alle Artikel anzeigen |
| Veröffentlicht: | 2014 |
| Format: | Aufsatz |
| Sprache: | Englisch |
X
alg: 39514321
001A $01999:12-11-16
001B $01999:10-07-24 $t22:32:32.000
001D $01999:12-11-16
001U $0utf8
001X $00
002@ $0Oox
003@ $0395143217
007A $0395143217 $aHEB
007T $0Herdc0108724m
009Q $uhttp://onlinelibrary.wiley.com/doi/10.1111/nana.12079%5F7 $xVolltext
010@ $aeng
011@ $a2014
013D $#Newspapers Sections, columns, etc. Reviews $#Book reviewing $#Journaux Cahiers, chroniques, etc. Comptes rendus $#Livres Recension $#Rezension $#Buchbesprechung $#Buchrezension $#Buchkritik $74049712-4 $8Rezension [Ts1] $9085138568
021A $aMylonas, Harris. The @politics of nation-building. - Cambridge {[u.a.] $dCambridge Univ. Press. - 2012 [Rezension]
028A $aErk $dJan
031A $d20 $e3 $h594-595 $j2014
039B $aIn $8--Obvc--. Nations and nationalism. - Oxford : Wiley-Blackwell, 1995-. - Online-Ressource. - ISSN 1469-8129. - DOI 10.1111/(ISSN)1469-8129 $x201400000200003406 $9084522844
039T $8--Aau--Mylonas, Harris [Tp3]. The @politics of nation-building. - Cambridge {[u.a.] : Cambridge Univ. Press, 2012. - XXIII, 255 S.. - Ill., graph. Darst., Kt.. - ISBN 1-107-02045-X $932666131X
045F $a900.94798 $eDDC23BSB
045F/01 $a900
045F/03 $g4798
lok: 39514321 78
exp: 39514321 78 1 #EPN
201B/01 $018-11-16 $t13:52:32.000
201U/01 $0utf8
203@/01 $079144192X
208@/01 $a12-11-16 $be
209A/01 $a/ $f000 $x00
220C/01 $aTitelaufnehmer: pg
220C/01 $aHerkunft: HI Marburg
244Z/01 $2Trx $#Estija $#Igaunija $#Estland $#Estonia $#Estonia $#Estónsko $#Estonsko $8--Trx--Eesti $x01 $9391237225
244Z/01 $2Trx $#arvustused $#recenzijos $#Reviews $#recenziók $#recenzje $#recenzie $#recenze $8--Trx--Rezensionen $x02 $9391357441
244Z/01 $2Trx $8--Trx--elektronische Ressource $x03 $939138452X
247C/01 $82080>Marburg/Lahn, Herder-Institut, Forschungsbibliothek, Bibliographieportal $9336309341
| LEADER | 00000caa a22000002c 4500 | ||
|---|---|---|---|
| 001 | 395143217 | ||
| 003 | DE-603 | ||
| 005 | 20240710223232.0 | ||
| 007 | cr|||||||||||| | ||
| 008 | 161112s2014 xx |||| o| u00||u|eng c | ||
| 035 | |a (DE-599)HEB395143217 | ||
| 040 | |a DE-603 |b ger |c DE-603 |d DE-603 | ||
| 041 | |a eng | ||
| 082 | 0 | 4 | |8 1\u |a 900.94798 |q DE-101 |2 23/BSB |
| 085 | |8 1\u |b 900 | ||
| 085 | |8 1\u |z 2 |s 4798 | ||
| 100 | 1 | |a Erk, Jan | |
| 245 | 0 | 0 | |a Mylonas, Harris. The politics of nation-building. - Cambridge [u.a.] |b Cambridge Univ. Press. - 2012 [Rezension] |
| 264 | 0 | |c 2014 | |
| 655 | 7 | |a Rezension |2 gnd-content |0 (DE-588)4049712-4 |0 (DE-603)085138568 | |
| 773 | 0 | 8 | |i In |t Nations and nationalism |d Oxford : Wiley-Blackwell, 1995- |h Online-Ressource |o 10.1111/(ISSN)1469-8129 |x 1469-8129 |g Band 20, Heft 3 (2014), Seite 594-595 |w (DE-603)084522844 |w (DE-600)1500007-2 |
| 787 | 0 | 8 | |i Rezension von |a Mylonas, Harris |t The politics of nation-building |d Cambridge [u.a.] : Cambridge Univ. Press, 2012 |h XXIII, 255 S., Ill., graph. Darst., Kt. |z 110702045X |z 1107661994 |z 9781107020450 |z 9781107661998 |w (DE-603)32666131X |
| 856 | |u http://onlinelibrary.wiley.com/doi/10.1111/nana.12079%5F7 | ||
| 924 | 1 | |9 2080 |a (DE-603)79144192X |b DE-2080 |c HES |d d |g / | |


